[Event "17th IT Zenica 2013"]
[Site "Zenica"]
[Date "2013.12.08"]
[Round "1.1"]
[White "Djukic, Nikola"]
[Black "Yilmazyerli, Mert"]
[Result "1/2-1/2"]
[WhiteElo "2539"]
[BlackElo "2413"]
[PlyCount "38"]
[EventDate "2013.12.08"]

1. e4 c5 2. Nf3 d6 3. d4 cxd4 4. Nxd4 Nf6 5. Nc3 g6 6. Be3 Bg7 7. f3 Nc6 8. Qd2
O-O 9. Bc4 Bd7 10. O-O-O Rc8 11. Bb3 Nxd4 12. Bxd4 b5 13. e5 dxe5 14. Bxe5 Bc6
15. Qxd8 Rfxd8 16. Rxd8+ Rxd8 17. Rd1 Bh6+ 18. Kb1 Rxd1+ 19. Nxd1 Nh5 1/2-1/2

[Event "17th IT Zenica 2013"]
[Site "Zenica"]
[Date "2013.12.08"]
[Round "1.2"]
[White "Dizdarevic, Emir"]
[Black "Muratovic, Enver"]
[Result "1/2-1/2"]
[WhiteElo "2505"]
[BlackElo "2277"]
[PlyCount "73"]
[EventDate "2013.12.08"]

1. c4 e5 2. b3 Nc6 3. Bb2 Nf6 4. e3 d5 5. cxd5 Nxd5 6. a3 Bd6 7. d3 O-O 8. Nf3
f5 9. Nbd2 g5 10. Nc4 Qf6 11. g3 g4 12. Nfd2 b5 13. Bg2 Nde7 14. Nxd6 cxd6 15.
Rc1 Bd7 16. O-O Rac8 17. Nb1 Qf7 18. Re1 Be6 19. Nd2 Na5 20. b4 Rxc1 21. Qxc1
Rc8 22. Bc3 Nb3 23. Nxb3 Bxb3 24. Qb2 Bd5 25. e4 Bb7 26. Rc1 fxe4 27. Bd2 Rxc1+
28. Qxc1 e3 29. Bxe3 Bxg2 30. Kxg2 Qd5+ 31. Kg1 Qxd3 32. Bxa7 Kf7 33. h4 gxh3
34. Kh2 Qf3 35. Kxh3 Nd5 36. Kh2 Nf6 37. Kg1 1/2-1/2

[Event "17th IT Zenica 2013"]
[Site "Zenica"]
[Date "2013.12.08"]
[Round "1.3"]
[White "Trkulja, Goran"]
[Black "Radic, Bojan"]
[Result "1/2-1/2"]
[WhiteElo "2366"]
[BlackElo "2209"]
[PlyCount "141"]
[EventDate "2013.12.08"]

1. Nf3 c5 2. c4 Nc6 3. g3 e5 4. Nc3 g6 5. Bg2 Bg7 6. O-O Nge7 7. d3 O-O 8. Rb1
d6 9. a3 a5 10. Ne1 Be6 11. Nd5 Rb8 12. Nxe7+ Nxe7 13. b4 axb4 14. axb4 b5 15.
bxc5 bxc4 16. Rxb8 Qxb8 17. dxc4 Bxc4 18. cxd6 Nf5 19. d7 Qc7 20. Bg5 Nd4 21.
d8=Q Rxd8 22. Bxd8 Qxd8 23. Nd3 Nxe2+ 24. Qxe2 Qxd3 25. Qxd3 Bxd3 26. Rc1 e4
27. Rc8+ Bf8 28. g4 Kg7 29. g5 Be7 30. h4 f6 31. Rc7 Kf7 32. Bh3 fxg5 33. hxg5
Kf8 34. Bf1 Bxg5 35. Rxh7 Bxf1 36. Kxf1 e3 37. f3 Bf4 38. Ke2 g5 39. Kd3 Kg8
40. Re7 Kf8 41. Ra7 Ke8 42. Ra2 Ke7 43. Ke4 Kd6 44. Rc2 Kd7 45. Kd5 Ke7 46. Rc6
Kf7 47. Re6 Kg7 48. Ke4 Kf7 49. Kf5 Kg7 50. Re7+ Kh6 51. Re8 Kg7 52. Re4 Kf7
53. Re6 Kg7 54. Rf6 Bg3 55. Re6 Bf4 56. Re7+ Kh6 57. Rb7 Bg3 58. Rb2 Kh5 59.
Rb7 Kh6 60. Re7 Bf4 61. Ra7 Bg3 62. Ra2 Bf4 63. Rc2 Kh5 64. Rg2 Kh4 65. Ke4 Kh3
66. Rc2 Kg3 67. Ra2 Kh3 68. Kd4 Kg3 69. Ke4 Kh3 70. Ra1 Kh2 71. Rb1 1/2-1/2

[Event "17th IT Zenica 2013"]
[Site "Zenica"]
[Date "2013.12.08"]
[Round "1.4"]
[White "Kadric, Denis"]
[Black "Urosevic, Aleksandar"]
[Result "1-0"]
[WhiteElo "2471"]
[BlackElo "2280"]
[PlyCount "123"]
[EventDate "2013.12.08"]

1. e4 e6 2. d4 d5 3. Nd2 c5 4. Ngf3 cxd4 5. Nxd4 Nf6 6. exd5 Qxd5 7. Nb5 Na6 8.
Nc3 Qd8 9. a3 Be7 10. Qf3 Nc7 11. Bd3 O-O 12. O-O Ncd5 13. Nde4 Nxc3 14. Nxc3
Qb6 15. Be3 Qa5 16. Rfd1 e5 17. h3 a6 18. b4 Qc7 19. Na4 Be6 20. Bb6 Qc8 21.
Ba5 Nd7 22. c4 f5 23. Qe3 Bf6 24. Rac1 Qe8 25. Bc2 Qh5 26. Qf3 Qxf3 27. gxf3
Bg5 28. Rb1 Kf7 29. c5 Rae8 30. Bc7 Rc8 31. Bd6 Be7 32. Bb3 Rfd8 33. Bxe7 Kxe7
34. Bxe6 Kxe6 35. Rd6+ Ke7 36. Rbd1 Nf6 37. Nb6 Rb8 38. Nc4 Rxd6 39. Nxd6 Ke6
40. Re1 Nd7 41. Nc4 Re8 42. Rd1 Re7 43. Na5 e4 44. fxe4 fxe4 45. Nxb7 Ne5 46.
Nd6 Nf3+ 47. Kf1 Ke5 48. Nc4+ Kf4 49. Ne3 Re6 50. Rd5 Ne5 51. Ke2 h5 52. a4 g5
53. b5 axb5 54. axb5 g4 55. hxg4 h4 56. c6 h3 57. c7 Re8 58. Rd8 h2 59. Rxe8
h1=Q 60. Rf8+ Kg5 61. Rf5+ Kg6 62. c8=Q 1-0

[Event "17th IT Zenica 2013"]
[Site "Zenica"]
[Date "2013.12.08"]
[Round "1.5"]
[White "Lajthajm, Borko"]
[Black "Drasko, Milan"]
[Result "1/2-1/2"]
[WhiteElo "2514"]
[BlackElo "2459"]
[PlyCount "35"]
[EventDate "2013.12.08"]

1. d4 e6 2. c4 Nf6 3. Nf3 Bb4+ 4. Bd2 Qe7 5. g3 Nc6 6. Nc3 O-O 7. Bg2 Na5 8. b3
b6 9. Ne5 Bb7 10. Bxb7 Nxb7 11. O-O c5 12. Nd3 Bxc3 13. Bxc3 d5 14. dxc5 Ne4
15. Qc2 dxc4 16. Ne5 Nxc3 17. Qxc3 Nxc5 18. Qxc4 1/2-1/2

[Event "17th IT Zenica 2013"]
[Site "Zenica"]
[Date "2013.12.09"]
[Round "2.1"]
[White "Yilmazyerli, Mert"]
[Black "Drasko, Milan"]
[Result "1-0"]
[WhiteElo "2413"]
[BlackElo "2459"]
[PlyCount "73"]
[EventDate "2013.12.08"]

1. e4 e6 2. d4 d5 3. Nd2 c5 4. Ngf3 cxd4 5. Nxd4 Nf6 6. exd5 Qxd5 7. Nb5 Na6 8.
Nc3 Qd8 9. a3 Be7 10. Qf3 Nc7 11. Bd3 O-O 12. O-O b6 13. Nde4 Ba6 14. Rd1 Bxd3
15. Rxd3 Qe8 16. Nxf6+ Bxf6 17. Ne4 Be5 18. Bf4 Bxf4 19. Nf6+ gxf6 20. Qxf4 Nd5
21. Qh6 Qb8 22. Rg3+ Qxg3 23. hxg3 Rac8 24. c3 f5 25. Rd1 Rc4 26. b3 Rg4 27. c4
Nc3 28. Rd3 Ne4 29. Rd4 Rg6 30. Qe3 Nf6 31. Qd3 Kg7 32. Rd8 Rxd8 33. Qxd8 e5
34. Qe7 Ng4 35. f3 Re6 36. Qg5+ Rg6 37. Qxf5 1-0

[Event "17th IT Zenica 2013"]
[Site "Zenica"]
[Date "2013.12.09"]
[Round "2.2"]
[White "Urosevic, Aleksandar"]
[Black "Lajthajm, Borko"]
[Result "0-1"]
[WhiteElo "2280"]
[BlackElo "2514"]
[PlyCount "105"]
[EventDate "2013.12.08"]

1. Nf3 Nf6 2. c4 b6 3. g3 Bb7 4. Bg2 e6 5. O-O Be7 6. Nc3 O-O 7. Re1 d6 8. e4
Nbd7 9. d4 Rb8 10. Bf4 Nh5 11. Be3 g6 12. Bh6 Ng7 13. Qc2 a6 14. Rad1 Qc8 15.
e5 dxe5 16. dxe5 Rd8 17. Ne4 Nf5 18. Bg5 Bxe4 19. Qxe4 Nc5 20. Qb1 Bxg5 21.
Nxg5 a5 22. Nf3 Rxd1 23. Rxd1 Qe8 24. g4 Ne7 25. Nd4 Rd8 26. Nb3 Rxd1+ 27. Qxd1
Qd7 28. Nd4 Na6 29. Qd2 c5 30. Nf3 Qxd2 31. Nxd2 Nb4 32. Be4 Nxa2 33. f4 h6 34.
h4 Nb4 35. Kf2 Kg7 36. Ke3 h5 37. gxh5 gxh5 38. Nb1 Na2 39. Na3 Nb4 40. Nb5 Na6
41. Nd6 Nc7 42. Bf3 Kg6 43. Be4+ f5 44. exf6+ Kxf6 45. Bf3 Ng6 46. Bxh5 Nxh4
47. Ke4 Nf5 48. Nxf5 exf5+ 49. Ke3 Ne6 50. Bd1 Ke7 51. Bh5 Ng7 52. Bd1 Ne6 53.
Kf3 0-1

[Event "17th IT Zenica 2013"]
[Site "Zenica"]
[Date "2013.12.09"]
[Round "2.3"]
[White "Radic, Bojan"]
[Black "Kadric, Denis"]
[Result "0-1"]
[WhiteElo "2209"]
[BlackElo "2471"]
[PlyCount "90"]
[EventDate "2013.12.08"]

1. e4 d6 2. d4 Nf6 3. Nc3 e5 4. dxe5 dxe5 5. Qxd8+ Kxd8 6. Bc4 Ke8 7. Nf3 Bd6
8. h3 Nbd7 9. Be3 c6 10. a4 a5 11. O-O-O Bc7 12. Nh4 g6 13. g3 Ke7 14. Be2 Bb6
15. Bxb6 Nxb6 16. f4 Nbd7 17. f5 Nc5 18. Bf3 b6 19. g4 g5 20. Ng2 Ba6 21. h4 h6
22. Kd2 Rad8+ 23. Ke3 Rxd1 24. Rxd1 h5 25. hxg5 Nxg4+ 26. Bxg4 hxg4 27. Kf2 Rh5
28. Kg3 Rxg5 29. Ne3 Rg8 30. Nxg4 Nxe4+ 31. Nxe4 Rxg4+ 32. Kxg4 Be2+ 33. Kg5
Bxd1 34. c4 Bxa4 35. c5 b5 36. Nf6 Bb3 37. Ng8+ Kf8 38. Nf6 a4 39. Nd7+ Ke7 40.
Nb8 f6+ 41. Kg4 Bd5 42. Na6 Be4 43. Nb4 Kd7 44. Na2 Kc7 45. Nc3 Bc2 0-1

[Event "17th IT Zenica 2013"]
[Site "Zenica"]
[Date "2013.12.09"]
[Round "2.5"]
[White "Djukic, Nikola"]
[Black "Dizdarevic, Emir"]
[Result "1-0"]
[WhiteElo "2539"]
[BlackElo "2505"]
[PlyCount "107"]
[EventDate "2013.12.08"]

1. e4 c6 2. d4 d5 3. Nc3 dxe4 4. Nxe4 Nd7 5. Nf3 Ngf6 6. Ned2 g6 7. Nc4 Bg7 8.
Be2 O-O 9. O-O b6 10. a4 c5 11. a5 Ba6 12. axb6 axb6 13. dxc5 bxc5 14. Bf4 Bb7
15. Qd2 Bd5 16. Nfe5 Nxe5 17. Bxe5 Bxc4 18. Qxd8 Raxd8 19. Bxc4 Ne4 20. Bxg7
Kxg7 21. Rfe1 Nd6 22. Bf1 Rd7 23. b3 Rc7 24. Ra4 Rb8 25. Rea1 h5 26. f3 Nf5 27.
Bd3 Nd6 28. Kf2 c4 29. bxc4 Rbc8 30. Ke2 Nxc4 31. Bxc4 Rxc4 32. Rxc4 Rxc4 33.
Kd3 Rb4 34. Ra2 Kf6 35. c4 Ke5 36. Kc3 Rb1 37. Rd2 h4 38. c5 g5 39. Kc4 Rc1+
40. Kb5 Kf4 41. c6 h3 42. gxh3 Kxf3 43. Rd5 Rb1+ 44. Ka6 Ke4 45. Rxg5 f5 46. c7
Rc1 47. Kb7 Rb1+ 48. Kc8 Rc1 49. Kd7 Rd1+ 50. Kxe7 Rc1 51. Kd7 Rd1+ 52. Ke8 Rc1
53. Rg7 f4 54. Kd8 1-0

[Event "17th IT Zenica 2013"]
[Site "Zenica"]
[Date "2013.12.09"]
[Round "3.1"]
[White "Dizdarevic, Emir"]
[Black "Yilmazyerli, Mert"]
[Result "1-0"]
[WhiteElo "2505"]
[BlackElo "2413"]
[PlyCount "71"]
[EventDate "2013.12.08"]

1. c4 g6 2. d4 Bg7 3. Nc3 Nf6 4. e4 d6 5. h3 O-O 6. Nf3 e5 7. d5 Qe8 8. Be2 Nh5
9. Nh2 Nf4 10. Bf3 f5 11. h4 Na6 12. Be3 Bd7 13. Kf1 Qe7 14. g3 Nh3 15. Kg2 f4
16. Bd2 h5 17. Ne2 Nc5 18. Qc2 fxg3 19. fxg3 Nxe4 20. Qxe4 Bf5 21. Qe3 e4 22.
Bxh5 gxh5 23. Rhf1 Bg4 24. Bc3 Rae8 25. Rxf8+ Rxf8 26. Rf1 Rxf1 27. Kxf1 Qf8+
28. Ke1 Bxe2 29. Qxe2 Bxc3+ 30. bxc3 Qg7 31. Qe3 Ng1 32. Kf2 Nf3 33. Nxf3 exf3
34. Qe8+ Kh7 35. Qxh5+ Kg8 36. Qg5 1-0

[Event "17th IT Zenica 2013"]
[Site "Zenica"]
[Date "2013.12.09"]
[Round "3.2"]
[White "Trkulja, Goran"]
[Black "Djukic, Nikola"]
[Result "1/2-1/2"]
[WhiteElo "2366"]
[BlackElo "2539"]
[PlyCount "75"]
[EventDate "2013.12.08"]

1. e4 c5 2. Nf3 Nc6 3. d4 cxd4 4. Nxd4 Nf6 5. Nc3 d6 6. f4 e5 7. Nf3 Be7 8. Bd3
O-O 9. O-O exf4 10. Kh1 Ne5 11. Bxf4 Bg4 12. Qe1 Nxf3 13. gxf3 Be6 14. Rd1 Nd7
15. Rg1 g6 16. Bb5 a6 17. Bxd7 Qxd7 18. Qd2 Rfd8 19. Nd5 Bxd5 20. Qxd5 Rac8 21.
Rg2 Rc5 22. Qd3 Qe6 23. Be3 Rh5 24. Bb6 Rc8 25. Qb3 Rb5 26. Qxe6 fxe6 27. Bd4
Rf8 28. Rd3 Rh5 29. Re2 Rc8 30. Bf2 Rc6 31. Bg3 Rhc5 32. c3 Kf7 33. Red2 e5 34.
f4 exf4 35. Bxf4 Ke6 36. Kg2 Rc4 37. Kf3 b5 38. Rd4 1/2-1/2

[Event "17th IT Zenica 2013"]
[Site "Zenica"]
[Date "2013.12.09"]
[Round "3.3"]
[White "Kadric, Denis"]
[Black "Muratovic, Enver"]
[Result "1/2-1/2"]
[WhiteElo "2471"]
[BlackElo "2277"]
[PlyCount "150"]
[EventDate "2013.12.08"]

1. e4 e6 2. d4 d5 3. Nd2 Be7 4. e5 c5 5. c3 cxd4 6. cxd4 Nc6 7. Bd3 Nh6 8. Ndf3
Nf5 9. Ne2 h5 10. Bxf5 exf5 11. h4 Qa5+ 12. Kf1 Qb6 13. Nf4 g6 14. Kg1 Be6 15.
Rh3 Nd8 16. Rg3 Rc8 17. b3 Qc6 18. Bd2 Qc2 19. Qe1 Rc6 20. Bb4 Bxb4 21. Qxb4
Qc3 22. Qxc3 Rxc3 23. Kf1 Kd7 24. Ke1 Rc2 25. Nd3 Ke7 26. Kd1 Rc8 27. Kd2 Nc6
28. Rc1 Rhd8 29. Ke3 Nb8 30. Rxc8 Rxc8 31. Ng5 Nc6 32. Nf4 Nb4 33. Ngxe6 Rc3+
34. Kd2 Rxg3 35. fxg3 fxe6 36. Nxg6+ Kf7 37. Nf4 Nxa2 38. Nxh5 Nb4 39. Nf4 Nc6
40. Kc3 b6 41. Nh3 Nd8 42. h5 Kg7 43. Nf4 Kh6 44. b4 a6 45. Kb3 Kg5 46. Kc3 Kh6
47. Kd2 Kg5 48. Kd3 Kh6 49. Ke3 Kg5 50. Kf3 Kh6 51. Ke2 Kg5 52. Kd2 Kh6 53. Kc2
Kg5 54. Kb3 Kh6 55. Ka4 Kg5 56. b5 a5 57. Kb3 Kh6 58. Kc3 Kg5 59. Kd3 Kh6 60.
Ke3 Kg5 61. Ne2 a4 62. Kd3 Kxh5 63. Kc3 Kg6 64. Kb4 Nb7 65. Nc3 a3 66. Kxa3 Na5
67. Na4 Nc4+ 68. Kb4 Kg5 69. Nc5 Kg4 70. Nxe6 Kxg3 71. Nc7 f4 72. Nxd5 Ne3 73.
Nc3 Kxg2 74. e6 Nf5 75. Kc4 f3 1/2-1/2

[Event "17th IT Zenica 2013"]
[Site "Zenica"]
[Date "2013.12.09"]
[Round "3.4"]
[White "Lajthajm, Borko"]
[Black "Radic, Bojan"]
[Result "1-0"]
[WhiteElo "2514"]
[BlackElo "2209"]
[PlyCount "63"]
[EventDate "2013.12.08"]

1. Nf3 Nf6 2. c4 g6 3. Nc3 Bg7 4. g3 O-O 5. Bg2 d5 6. cxd5 Nxd5 7. Qb3 Nb6 8.
O-O Nc6 9. d3 e5 10. Bg5 Bf6 11. Bxf6 Qxf6 12. Rfc1 Qe7 13. Ne4 Bg4 14. Qa3
Qxa3 15. bxa3 Bxf3 16. Bxf3 Rfd8 17. Nf6+ Kg7 18. Bxc6 bxc6 19. Ne4 f5 20. Nc5
Rd6 21. Nb7 Re6 22. Na5 e4 23. d4 e3 24. Rxc6 Rxc6 25. Nxc6 exf2+ 26. Kxf2 Kf6
27. Rc1 Nd5 28. Nb4 Nxb4 29. axb4 Rc8 30. Rc6+ Ke7 31. Ra6 Ra8 32. b5 1-0

[Event "17th IT Zenica 2013"]
[Site "Zenica"]
[Date "2013.12.09"]
[Round "3.5"]
[White "Drasko, Milan"]
[Black "Urosevic, Aleksandar"]
[Result "1-0"]
[WhiteElo "2459"]
[BlackElo "2280"]
[PlyCount "119"]
[EventDate "2013.12.08"]

1. Nf3 d5 2. g3 Nf6 3. Bg2 b5 4. d4 Bb7 5. Qd3 a6 6. Nbd2 Nbd7 7. Nb3 c6 8. O-O
e6 9. a4 b4 10. a5 c5 11. Nxc5 Nxc5 12. dxc5 Bxc5 13. Be3 Qe7 14. Bxc5 Qxc5 15.
Rfc1 O-O 16. Qd4 Qxd4 17. Nxd4 Rab8 18. f4 Rfc8 19. Bf3 Kf8 20. Kf2 Ke7 21. g4
Ne8 22. g5 Nd6 23. e3 Rc5 24. Be2 Bc8 25. Bd3 Ne4+ 26. Ke2 Bb7 27. h4 Bc8 28.
Rg1 Bd7 29. Rgc1 Be8 30. Nb3 Rc6 31. Nd4 Rc5 32. Bxa6 Ra8 33. Bd3 Rcxa5 34.
Rxa5 Rxa5 35. Bxe4 dxe4 36. c4 bxc3 37. Rxc3 Ra7 38. Rb3 f6 39. Rb8 fxg5 40.
hxg5 h6 41. gxh6 gxh6 42. Kf2 Bd7 43. Kg3 Ra1 44. Rh8 Re1 45. Kf2 Rh1 46. b3
Kd6 47. b4 h5 48. b5 h4 49. Rh7 h3 50. Rh6 Kd5 51. Rh8 Kd6 52. b6 Rb1 53. Rxh3
Rxb6 54. Rh6 Rb2+ 55. Kg3 Kd5 56. Rh7 Ba4 57. Ra7 Bd1 58. Ra5+ Kc4 59. Nxe6 Bf3
60. f5 1-0

[Event "17th IT Zenica 2013"]
[Site "Zenica"]
[Date "2013.12.10"]
[Round "4.1"]
[White "Yilmazyerli, Mert"]
[Black "Urosevic, Aleksandar"]
[Result "1-0"]
[WhiteElo "2413"]
[BlackElo "2280"]
[PlyCount "88"]
[EventDate "2013.12.08"]

1. e4 e6 2. d4 d5 3. Nd2 c5 4. Ngf3 cxd4 5. Nxd4 Nc6 6. Bb5 Bd7 7. Nxc6 bxc6 8.
Bd3 Bd6 9. Qe2 Ne7 10. Nf3 Ng6 11. e5 Bc7 12. O-O c5 13. c4 d4 14. Qe4 Rb8 15.
Re1 Rb6 16. Qg4 Bc6 17. Be4 Bxe4 18. Qxe4 O-O 19. b3 Ra6 20. Bd2 Ba5 21. Bxa5
Qxa5 22. h4 h6 23. h5 Ne7 24. Re2 Qc7 25. Ne1 Rb6 26. Nd3 a5 27. Nb2 Rbb8 28.
Rd1 Nc6 29. Rd3 Ne7 30. Rf3 Rbc8 31. Rd3 Qc6 32. Qf4 Rc7 33. g4 f6 34. Rg3 Rcc8
35. Nd3 Qc7 36. exf6 Rxf6 37. Qxc7 Rxc7 38. Re5 a4 39. Nxc5 axb3 40. axb3 Rc6
41. Rd3 Rf4 42. f3 Kf7 43. Kg2 g5 44. Ne4 Rb6 1-0

[Event "17th IT Zenica 2013"]
[Site "Zenica"]
[Date "2013.12.10"]
[Round "4.2"]
[White "Radic, Bojan"]
[Black "Drasko, Milan"]
[Result "0-1"]
[WhiteElo "2209"]
[BlackElo "2459"]
[PlyCount "102"]
[EventDate "2013.12.08"]

1. e4 e6 2. d3 d5 3. Qe2 dxe4 4. dxe4 e5 5. Nf3 Nd7 6. Nbd2 Bc5 7. Nc4 Qe7 8.
Bg5 Ngf6 9. O-O-O O-O 10. g3 Qe6 11. Bxf6 Qxf6 12. Kb1 b5 13. Ne3 Nb6 14. Nd5
Nxd5 15. Rxd5 Bd6 16. Qe3 c6 17. Rd1 Bc7 18. Be2 Bb6 19. Qc3 Bg4 20. Rd2 Rad8
21. Rhd1 b4 22. Qb3 Rxd2 23. Rxd2 Bxf2 24. Bd1 Bb6 25. h3 Bxh3 26. Qxb4 Rd8 27.
a4 Bg4 28. a5 Be3 29. Rxd8+ Qxd8 30. Be2 Bxf3 31. Bxf3 g6 32. Qc3 Qg5 33. Qb3
h5 34. a6 Bf2 35. Be2 Qxg3 36. Qxg3 Bxg3 37. b4 Kg7 38. Kc1 h4 39. c4 Be1 40.
b5 cxb5 41. cxb5 Bf2 42. Kd2 h3 43. Bf3 Kh6 44. Ke2 Bb6 45. Bg4 h2 46. Bf3 Kg5
47. Bh1 Kf4 48. Bg2 Kg3 49. Bh1 f5 50. exf5 gxf5 51. Bg2 Kxg2 0-1

[Event "17th IT Zenica 2013"]
[Site "Zenica"]
[Date "2013.12.10"]
[Round "4.3"]
[White "Muratovic, Enver"]
[Black "Lajthajm, Borko"]
[Result "0-1"]
[WhiteElo "2277"]
[BlackElo "2514"]
[PlyCount "96"]
[EventDate "2013.12.08"]

1. e4 c5 2. Nf3 e6 3. d4 cxd4 4. Nxd4 a6 5. Bd3 Nf6 6. O-O Qc7 7. Kh1 Bc5 8.
Nb3 Ba7 9. Qf3 Nc6 10. Bf4 Ne5 11. Qh3 d6 12. Bxe5 dxe5 13. N1d2 O-O 14. Nf3
Bd7 15. Nbd2 Bc6 16. Rae1 Rad8 17. Nc4 Nd7 18. Re2 b5 19. Ne3 Nc5 20. Ng4 f6
21. Re3 Qe7 22. Nd2 Na4 23. Rg3 Nxb2 24. Nf3 Be8 25. Ne1 Bg6 26. Ne3 Nxd3 27.
cxd3 f5 28. Nf3 f4 29. Rxg6 hxg6 30. Ng4 Bd4 31. Ngxe5 Bxe5 32. Nxe5 Qf6 33.
Nc6 Rc8 34. e5 Qf7 35. Nd4 Rfe8 36. Nf3 Qf5 37. Qh4 Qxd3 38. Rg1 g5 39. Nxg5
Qf5 40. f3 Rc2 41. Ne4 Qxe5 42. Ng5 Qf5 43. Ne4 Rf8 44. a3 Qg6 45. Qe7 Rfc8 46.
Nd6 Rxg2 47. Rd1 Rxh2+ 48. Kxh2 Rc2+ 0-1

[Event "17th IT Zenica 2013"]
[Site "Zenica"]
[Date "2013.12.10"]
[Round "4.4"]
[White "Djukic, Nikola"]
[Black "Kadric, Denis"]
[Result "1-0"]
[WhiteElo "2539"]
[BlackElo "2471"]
[PlyCount "99"]
[EventDate "2013.12.08"]

1. e4 d6 2. d4 Nf6 3. Nc3 e5 4. Nf3 Nbd7 5. Bc4 Be7 6. O-O O-O 7. Re1 c6 8. a4
exd4 9. Nxd4 Ne5 10. Ba2 Re8 11. h3 Bd7 12. Be3 Qa5 13. f4 Ng6 14. Nf3 d5 15.
exd5 Bc5 16. Bxc5 Qxc5+ 17. Qd4 Qxd4+ 18. Nxd4 Nxf4 19. dxc6 bxc6 20. Nf3 Be6
21. Bxe6 Nxe6 22. Rad1 Rad8 23. Rxd8 Rxd8 24. Rd1 Kf8 25. Rxd8+ Nxd8 26. Kf2
Ke7 27. Ke3 Kd6 28. b4 Ne6 29. Ne4+ Nxe4 30. Kxe4 g6 31. g4 f6 32. c4 a5 33.
bxa5 Nc5+ 34. Kd4 Nxa4 35. Nd2 Kc7 36. Ne4 f5 37. gxf5 gxf5 38. Nf6 f4 39. Nxh7
f3 40. Ke3 Nb2 41. c5 Nc4+ 42. Kxf3 Nxa5 43. Nf6 Kd8 44. Kf4 Ke7 45. Ne4 Nb7
46. Kf5 Nd8 47. h4 Kf7 48. Ng5+ Kg8 49. h5 Nb7 50. h6 1-0

[Event "17th IT Zenica 2013"]
[Site "Zenica"]
[Date "2013.12.10"]
[Round "4.5"]
[White "Dizdarevic, Emir"]
[Black "Trkulja, Goran"]
[Result "1/2-1/2"]
[WhiteElo "2505"]
[BlackElo "2366"]
[PlyCount "85"]
[EventDate "2013.12.08"]

1. c4 e5 2. b3 Nc6 3. Bb2 Nf6 4. a3 d5 5. cxd5 Nxd5 6. d3 Bd6 7. g3 O-O 8. Bg2
Be6 9. Nf3 f6 10. Nbd2 Qd7 11. Qc2 Kh8 12. O-O Bh3 13. Rac1 Bxg2 14. Kxg2 Rae8
15. b4 a6 16. Qb3 Nde7 17. Ne4 Ng6 18. Qd5 Qg4 19. Kh1 Rd8 20. Qc4 Qd7 21. Nc5
Bxc5 22. Qxc5 Qe6 23. Qc4 Qxc4 24. Rxc4 Rf7 25. Rfc1 Nf8 26. a4 Ne6 27. b5 axb5
28. axb5 Na7 29. Rb4 Nc8 30. d4 e4 31. d5 Rxd5 32. Rxe4 Re7 33. Nd4 Nxd4 34.
Rxd4 Rxd4 35. Bxd4 b6 36. Ra1 Rxe2 37. Be3 Ne7 38. Rc1 Nd5 39. Rd1 Ne7 40. Rd7
Ng8 41. Rxc7 Rb2 42. Bxb6 Rxb5 43. Be3 1/2-1/2

[Event "17th IT Zenica 2013"]
[Site "Zenica"]
[Date "2013.12.11"]
[Round "5.2"]
[White "Kadric, Denis"]
[Black "Dizdarevic, Emir"]
[Result "1/2-1/2"]
[WhiteElo "2471"]
[BlackElo "2505"]
[PlyCount "83"]
[EventDate "2013.12.08"]

1. e4 c6 2. d4 d5 3. e5 c5 4. dxc5 e6 5. a3 Qc7 6. Nf3 Nd7 7. b4 Nxe5 8. Bf4
Nd3+ 9. Bxd3 Qxf4 10. Bb5+ Ke7 11. O-O g6 12. Nc3 Nf6 13. Re1 Bg7 14. g3 Qh6
15. Ne5 Rd8 16. Qf3 Qh5 17. Qxh5 gxh5 18. f4 Ng4 19. Rad1 Nxe5 20. fxe5 d4 21.
Na4 Rd5 22. Re4 Rxe5 23. Rexd4 Re1+ 24. Kf2 Bxd4+ 25. Kxe1 Be5 26. c4 Rb8 27.
c6 b6 28. Ba6 Bxa6 29. Rd7+ Kf6 30. b5 Bc8 31. Rxa7 Bd4 32. c5 bxc5 33. b6 c4
34. c7 Rb7 35. Ra8 Bxb6 36. Nxb6 Rxb6 37. Rxc8 Rc6 38. Kd2 Ke7 39. Kc3 Kd6 40.
Rh8 Rxc7 41. Rxh7 Ra7 42. Kxc4 1/2-1/2

[Event "17th IT Zenica 2013"]
[Site "Zenica"]
[Date "2013.12.11"]
[Round "5.3"]
[White "Lajthajm, Borko"]
[Black "Djukic, Nikola"]
[Result "1/2-1/2"]
[WhiteElo "2514"]
[BlackElo "2539"]
[PlyCount "33"]
[EventDate "2013.12.08"]

1. d4 Nf6 2. Bg5 e6 3. e4 h6 4. Bxf6 Qxf6 5. Nf3 d6 6. Nc3 Nd7 7. Bd3 c6 8. Qe2
e5 9. d5 Be7 10. Nd2 O-O 11. a4 Nc5 12. b4 Nxd3+ 13. cxd3 Qg6 14. O-O Bg5 15.
Nc4 cxd5 16. Nxd5 Be6 17. Nc7 1/2-1/2

[Event "17th IT Zenica 2013"]
[Site "Zenica"]
[Date "2013.12.11"]
[Round "5.4"]
[White "Drasko, Milan"]
[Black "Muratovic, Enver"]
[Result "1-0"]
[WhiteElo "2459"]
[BlackElo "2277"]
[PlyCount "57"]
[EventDate "2013.12.08"]

1. Nf3 d5 2. g3 c6 3. Bg2 Nf6 4. O-O Bf5 5. d3 h6 6. c4 dxc4 7. Ne5 Be6 8. Nxc4
Bxc4 9. dxc4 Qxd1 10. Rxd1 e5 11. Nc3 Nbd7 12. Rb1 a5 13. b3 Kd8 14. Na4 Kc7
15. Be3 Bb4 16. Rd3 Rae8 17. Rbd1 Re7 18. Bh3 g5 19. Bf5 e4 20. Rd4 b5 21. cxb5
cxb5 22. Rc1+ Kb7 23. Nc3 Bc5 24. Nxb5 Bxd4 25. Bxd4 Ne5 26. Rc5 Nf3+ 27. exf3
exf3 28. Nd6+ Kb8 29. Kf1 1-0

[Event "17th IT Zenica 2013"]
[Site "Zenica"]
[Date "2013.12.11"]
[Round "5.5"]
[White "Urosevic, Aleksandar"]
[Black "Radic, Bojan"]
[Result "1-0"]
[WhiteElo "2280"]
[BlackElo "2209"]
[PlyCount "179"]
[EventDate "2013.12.08"]

1. Nf3 c5 2. c4 Nc6 3. d4 cxd4 4. Nxd4 g6 5. e4 Bg7 6. Be3 Nf6 7. Nc3 Ng4 8.
Qxg4 Nxd4 9. Qd1 Nc6 10. Be2 O-O 11. O-O d6 12. Qd2 Be6 13. Rac1 Qa5 14. Rfd1
Rfc8 15. b3 Qd8 16. f4 Qf8 17. Bf3 Rab8 18. Nd5 b6 19. b4 Qd8 20. a3 Rb7 21.
Qf2 h5 22. c5 bxc5 23. bxc5 Qa5 24. cxd6 exd6 25. e5 dxe5 26. Nb4 Nxb4 27.
Rxc8+ Bxc8 28. Bxb7 Bxb7 29. axb4 Qxb4 30. fxe5 Bxe5 31. Bxa7 Qb3 32. Re1 Bg7
33. Bd4 Bc6 34. Bxg7 Kxg7 35. Qd4+ Kh7 36. Rc1 Qd5 37. Qxd5 Bxd5 38. Rc5 Be6
39. h4 Kg7 40. Kf2 Bg4 41. Ke3 Be6 42. Kf4 Bg4 43. Ke5 Be6 44. Rc3 Bg4 45. Rc4
Be6 46. Rf4 Bg4 47. Kd6 Be6 48. Ke7 g5 49. hxg5 Kg6 50. g3 Kxg5 51. Kf8 Kg6 52.
Ke7 Kg5 53. Kd6 Kg6 54. Ke5 Kg5 55. Ke4 Bb3 56. Kf3 Bd5+ 57. Kf2 Be6 58. Rb4
Bf5 59. Rb5 Kg4 60. Rb8 h4 61. Rb4+ Kg5 62. Rxh4 Bg4 63. Rh8 Bh5 64. Rg8+ Bg6
65. Kf3 Kh6 66. Kf4 Kh7 67. Rb8 Kg7 68. Ke5 Bd3 69. Rb4 Be2 70. Re4 Bd1 71. Rf4
Kg6 72. Rf6+ Kg7 73. Rf4 Kg6 74. Rf6+ Kg7 75. Rf1 Bb3 76. Rb1 Be6 77. Rb8 Bg4
78. Kf4 Be6 79. Kg5 Bc4 80. Rb4 Be2 81. Kf5 Bd1 82. Ke5 Bf3 83. Kd6 Be2 84. Ke7
Bd1 85. Rd4 Bf3 86. Rf4 Bd5 87. Rg4+ Kh8 88. Kf6 Be6 89. Rg7 Bc4 90. g4 1-0

[Event "17th IT Zenica 2013"]
[Site "Zenica"]
[Date "2013.12.11"]
[Round "6.1"]
[White "Yilmazyerli, Mert"]
[Black "Radic, Bojan"]
[Result "1-0"]
[WhiteElo "2413"]
[BlackElo "2209"]
[PlyCount "34"]
[EventDate "2013.12.08"]

1. d4 Nf6 2. Nc3 d5 3. Bg5 Bf5 4. Bxf6 exf6 5. e4 dxe4 6. Qe2 c6 7. g4 Be6 8.
O-O-O Qa5 9. Qxe4 Bb4 10. d5 cxd5 11. Rxd5 Qb6 12. Bb5+ Nc6 13. Qxb4 a6 14.
Bxc6+ Qxc6 15. Qe4 O-O 16. Rd4 Qb6 17. Nge2 Rfe8 1-0

[Event "17th IT Zenica 2013"]
[Site "Zenica"]
[Date "2013.12.11"]
[Round "6.3"]
[White "Djukic, Nikola"]
[Black "Drasko, Milan"]
[Result "1/2-1/2"]
[WhiteElo "2539"]
[BlackElo "2459"]
[PlyCount "117"]
[EventDate "2013.12.08"]

1. e4 e6 2. d4 d5 3. Nc3 Bb4 4. e5 c5 5. a3 Bxc3+ 6. bxc3 Ne7 7. Qg4 Kf8 8. Qd1
b6 9. Nf3 h6 10. a4 Ba6 11. Bxa6 Nxa6 12. O-O Kg8 13. Qe2 Nb8 14. dxc5 bxc5 15.
c4 Qb6 16. Ba3 Nd7 17. cxd5 exd5 18. c4 Qa6 19. Rfd1 Re8 20. Qc2 d4 21. Ne1 Ng6
22. Nd3 Ngxe5 23. Nxc5 Nxc5 24. Bxc5 d3 25. Qc3 Qg6 26. Kh1 Kh7 27. h3 Re6 28.
Bd4 Rhe8 29. Bxe5 Rxe5 30. Rxd3 Rg5 31. Rg3 Rxg3 32. fxg3 Re2 33. Rc1 Qe4 34.
Qf3 Qxf3 35. gxf3 Kg6 36. c5 Kf6 37. Kg1 Rd2 38. Rc4 Ke7 39. c6 Rd8 40. Rb4
Rd1+ 41. Kf2 Rc1 42. Rb7+ Ke6 43. Rxa7 Rxc6 44. Rb7 Rc2+ 45. Ke3 Rc3+ 46. Ke2
Ra3 47. Rb4 Ra2+ 48. Kd1 f5 49. Kc1 Ra3 50. Kb2 Rxf3 51. Rb3 Rf2+ 52. Ka3 f4
53. gxf4 Rxf4 54. a5 Kd7 55. Rb7+ Kc8 56. Rxg7 Rf3+ 57. Kb4 Rxh3 58. a6 Kb8 59.
Kb5 1/2-1/2